00956 2200313 4500001002100000005001500021035002000036007000300056008004100059336002100100337002300121338003800144040002200182100002700204245003900231300003200270020002200302082001500324084001700339264003700356500006900393650001400462650001400476850001200490852002000502856007600522990002200598990002200620INLIS00000000086598620211101021332 a0010-1121000067ta211028s2009 yoi gs 1 ind d 2rdacontentateks 2rdamediaakomputer 2rdacarrierasumber sambung jaring aYOPDYOGbinderda0 aAkbar Kaelolaepenulis10aTeka teki cihuuy! /cAkbar Kaelola a1 berkas komputer (20,1 MB) a978-602-95234-6-104223a793.73 a793.73 AKB t31aYogyakarta :bBuku Pintar,c2009 aUntuk mengakses buku ini silakan unduh aplikasi http://ijogja.id 4aTeka teki 4aPermainan aYOPDYOG8 aaplikasi iJogja40nPerpustakaan Digital iJogjauhttp://ijogja.id /publications/books/13777 a004261-EPD/B.2016 a004262-EPD/B.2016